000 00705cam a22002413a 4500
001 27881
003 PGUSA
005 20140828083613.0
008 090124s2009||||xxu|||||s|||||000 | eng d
040 _aPGUSA
_beng
042 _adc
050 4 _aDC
100 1 _aWharton, Anne Hollingsworth,
_d1845-1928
245 1 0 _aIn Château Land
_h[electronic resource] /
_cAnne Hollingsworth Wharton
260 _bProject Gutenberg,
_c2009
506 _aPublic domain in the USA.
516 _aElectronic text
653 _aTouraine (France) -- Description and travel
653 _aCastles -- France
830 0 _aProject Gutenberg
_v27881
856 4 0 _uhttp://www.gutenberg.org/ebooks/27881
942 _cEB
999 _c257136
_d257136